000 00430cam a2200169ua 4500
001 1941
008 110722n ii |||gr||||Z||||||eng
040 _cMAIN
100 1 _aDas, Lakshahira,
_eAuthor.
245 0 _aText book of education
_cby Lakshahira Das
250 _a6th.
260 _aGuahati:
_bUnited dass publishers,970.
300 _a407p:
_c23cm.
653 _aEducation
653 _aText book of education
942 _cBK
999 _c1816
_d1816